La declaración de los derechos del hombre y del ciudadano. Estudio de historia constitucional moderna.

Guardat en:
Dades bibliogràfiques
Autor principal: Jellinek, Georg (autor)
Format: Llibre
Publicat: México: Nueva España, 1945.
Col·lecció:Cultura Técnica.
Matèries:
Etiquetes: Afegir etiqueta
Sense etiquetes, Sigues el primer a etiquetar aquest registre!

MARC

LEADER 00000nam a22000007a 4500
003 CL-VaPUC
005 20220822114552.0
008 220707t1945 ||||| |||| 00| 0 eng d
999 |c 436796  |d 436794 
040 |c Pontificia Universidad Católica de Valparaíso 
082 7 |a 323.4 JEL 1945  |b 22 
100 |a Jellinek, Georg  |e autor  |9 587793 
245 1 3 |a La declaración de los derechos del hombre y del ciudadano.  |b Estudio de historia constitucional moderna.  
260 |a México:  |b Nueva España,   |c 1945. 
300 |a 179 páginas. 
490 |a Cultura Técnica. 
500 |a c.1- Donación Familia Prof. Alejandro Guzmán Brito. 
583 |a last modification  |c 20040326 00:00:00  |k Cristina María Rojas Aguilar 
650 |a Derechos humanos  |x Declaración   |9 872410 
942 |c BK  |2 ddc  |n 0 
952 |0 0  |1 0  |2 ddc  |4 0  |6 323_400000000000000_JEL_1945  |7 0  |8 C_AGB  |9 584523  |a BIBDER  |b BIBDER  |d 2022-07-07  |e Donación   |i 5652553  |o 323.4 JEL 1945  |p 5652553  |r 2023-01-25  |t 1  |w 2022-07-07  |y BK_US  |k AGB